| Tag |
First Indicator |
Second Indicator |
Subfields |
| LEADER |
00000cam a2200000 a 4500 |
| 001 |
in00000007169 |
| 005 |
20151005050036.0 |
| 008 |
870612s1987 maucf b 00110 eng |
| 010 |
|
|
|a 87017695
|
| 020 |
|
|
|a 0805766464 (alk. paper)
|
| 035 |
|
|
|a (OCoLC)16085860
|
| 035 |
|
|
|9 AAA1643AM
|
| 040 |
|
|
|a DLC
|c DLC
|d TXA
|d UtOrBLW
|
| 049 |
|
|
|a TXAM
|c [A12613670]
|
| 050 |
0 |
0 |
|a GN21.L4
|b C48 1987
|
| 082 |
0 |
|
|a 302.2/092/4
|a B
|2 19
|
| 100 |
1 |
|
|a Champagne, Roland A.
|
| 245 |
1 |
0 |
|a Claude Lévi-Strauss /
|c by Roland A. Champagne.
|
| 264 |
|
1 |
|a Boston, Mass. :
|b Twayne Publishers,
|c [1987]
|
| 264 |
|
4 |
|c ©1987
|
| 300 |
|
|
|a 124 pages, 1 unnumbered leaf of plates :
|b portrait ;
|c 23 cm.
|
| 336 |
|
|
|a text
|b txt
|2 rdacontent
|
| 337 |
|
|
|a unmediated
|b n
|2 rdamedia
|
| 338 |
|
|
|a volume
|b nc
|2 rdacarrier
|
| 490 |
1 |
|
|a Twayne's world authors series ;
|v TWAS 792
|
| 504 |
|
|
|a Bibliography: pages 116-119.
|
| 500 |
|
|
|a Includes index.
|
| 600 |
1 |
0 |
|a Lévi-Strauss, Claude.
|
| 650 |
|
0 |
|a Semiotics.
|
| 650 |
|
0 |
|a Structural anthropology.
|
| 830 |
|
0 |
|a Twayne's world authors series ;
|v TWAS 792.
|
| 999 |
|
|
|a MARS
|
| 999 |
f |
f |
|s 7d23569b-dec3-32a8-8603-0fb60fb8e609
|i 8be39840-37c1-3a41-a7cb-75bb8296b8d5
|t 0
|
| 952 |
f |
f |
|p ric
|a Texas A&M University
|b Rellis Campus
|c Joint Library Facility
|d Remote Storage
|t 0
|e GN21.L4 C48 1987
|h Library of Congress classification
|i unmediated -- volume
|m A14812613670
|
| 998 |
f |
f |
|a GN21.L4 C48 1987
|t 0
|l Remote Storage
|